| 000 | 00309 a2200121 4500 | ||
|---|---|---|---|
| 001 | 63635 | ||
| 082 | _a629.132306 AND | ||
| 090 |
_c37633 _d37633 |
||
| 100 | _aAnderson John D | ||
| 245 |
_aHypersonic and high temperature gas Dynamics _hEnglish |
||
| 260 |
_aNY _bMcGraw-Hill _c1989 |
||
| 300 | _a690p | ||
| 942 |
_aNUST-CAE _k629.132306 AND |
||
| 999 |
_c298708 _d298708 |
||